| 000 | 00417nam a2200157Ia 4500 | ||
|---|---|---|---|
| 005 | 20250609092427.0 | ||
| 008 | 240126s9999 xx 000 0 und d | ||
| 020 | _a9789387944138 | ||
| 082 | _a158.12 PON;1 R | ||
| 100 | _aPond, David. | ||
| 245 | 0 | _aLittle book of meditation : clam your mind sharpen your focus | |
| 260 |
_bJaico Publishing _aAhmedabad |
||
| 300 | _axi, 203 | ||
| 440 | _aNULL | ||
| 942 | _cPU | ||
| 999 |
_c285954 _d285954 |
||